000
00242nam a2200109Ia 4500
008
190216s9999||||xx |||||||||||||| ||und||
100
_a
Favell Aj
245
0
_a
Book Keeping
260
_b
Narosa Pubs House
_c
1966
300
_a
179p
942
_c
BK
999
_c
4661
_d
4661